| 000 | 00389nam a2200145Ia 4500 | ||
|---|---|---|---|
| 008 | 220204s9999 xx 000 0 und d | ||
| 082 |
_a678:536 _bTUR |
||
| 245 | 0 | _aThermal characterization of polymeric materials | |
| 260 |
_aNew York _bAcademic _c1981 |
||
| 650 | _aBlock copolymers | ||
| 650 | _aGraft copolymers | ||
| 650 | _aPolymerization | ||
| 700 | _aTuri, Editha A | ||
| 942 | _cBK | ||
| 999 |
_c36775 _d36775 |
||